000 01815cam a22003734a 4500
999 _c8998
_d8998
001 14788761
003 GZU
005 20210527114054.0
008 070329s2007 enk 001 0 eng
010 _a 2007013296
015 _aGBA704185
_2bnb
016 7 _a013645165
_2Uk
020 _a9780199248858 (acidfree paper)
020 _a0199248850 (acidfree paper)
035 _a(OCoLC)ocn122291785
035 _a(OCoLC)122291785
040 _aDLC
_cDLC
_dBAKER
_dBWKUK
_dUKM
_dYDXCP
_dBTCTA
_dDLC
043 _ae-uk---
050 0 0 _aKD1949
_b.S74 2007
082 0 0 _a346.4203
_222
100 1 _aSteele, Jenny
_c(Law teacher)
245 1 0 _aTort law :
_btext, cases, and materials /
_cJenny Steele.
260 _aOxford ;
_aNew York :
_bOxford University Press,
_c2007.
300 _axli, 933 p. ;
_c25 cm.
500 _aIncludes index.
504 _aIncludes bibliographical references and index.
505 0 _aTorts of intention -- Essentials of negligence : establishing liability -- Particular causation problems -- Defences to negligence -- Duty of care : applications -- Limitation and contribution -- Damages, compensation, and responsibility -- Vicarious liability and non-delegable duties -- Nuisance -- Rylands v. Fletcher and strict liability -- Liability for dangerous premises -- Defamation -- Privacy -- Product liability -- Breach of statutory duty -- Trespass to land and goods, and conversion.
650 0 _aTorts
_zEngland.
655 7 _aCasebooks (Law)
_2lcgft
856 4 1 _3Table of contents only
_uhttp://www.loc.gov/catdir/toc/ecip0714/2007013296.html
906 _a7
_bcbc
_corignew
_d1
_eecip
_f20
_gy-gencatlg
942 _2lcc
_cBK
_h1949
_iSTE
_kKD
_m2007